000
00272nam a2200097Ia 4500
008
200302s9999 xx 000 0 und d
100
_a
Hugo Quiroga Capovilla
245
_a
Classic Furniture Mueble Auxiliar Auxiliar Furniture
260
_b
Ediciones Daly S. L.
300
_a
80 P.,
999
_c
964
_d
964